00622nam a22002057a 450000500170000001000130001702000230003003500130005303700160006604000120008208200190009410000210011324500680013426000500020227000540025230000270030650000510033365000170038465000150040120170124110019.0 aB-209675 c950.00a8172861494 aB-209675 bCen Lib/Ret aDPLbEN a338.17361bHUN aHunsigi, Gururaj aSugarcane :cby Gururaj Hunsigibin agriculture and industry /  aBangalorebPrism Books Private Limitedc2001 a1865, 32nd Cross, BSK II StagebBangaloree560070 a472p. c24cm(Hb)bill. aIncludes bibliographical references and index. aAgriculture  aProduction